000 01107nam a2200349Ia 4500
003 OSt
005 20220912144613.0
006 a|||||r|||| 00| 0
007 ta
008 220909b |||||||| |||| 00| 0 eng d
020 _a9781118177013 (hbk)
020 _aSL01559246
024 _a187400
037 _b1853, 01/11/2012, Ashutosh Technical Books
037 _cTextual
040 _aCSL
_beng
_cCSL
041 _aeng
082 _aD65,8(B):(894), Q2
100 _aBauer Eric; Adams Randee
245 0 _aReliability and availability of cloud computing
260 _aNew Jersey
_b John Wiley
_c2012
300 _axxviii,323p.
500 _aAbbreviations 311-313p.; References 314-317p.; Index 319-323p.
650 _a Cloud computing
650 _a Computer security
650 _a Computer software-Reliability
650 _aComputer Science
700 _a Olevsky Eugene A Ed.
700 _aBauer Eric; Adams Randee
942 _hD65,8(B):(894), Q2
_cTEXL
_2CC
999 _c13316
_d13316